Statistiken für Süßigkeiten erkennen

Klicken Sie hier um das Quiz zu spielen!

Allgemein

  • Dieses Quiz wurde 1.220 mal gespielt
  • Das Durchschnittsergebnis liegt bei 11 aus 16

Antwortstatistiken

Antwort% Korrekt
Esspapier
95%
Smarties
94%
Kinder Riegel
91%
Knoppers
91%
Prinzenrolle
91%
Kinder Bueno
90%
Toffifee
84%
After Eight
81%
Happy Hippo
69%
Schogetten
68%
Schokokuss
66%
Dominostein
64%
Yogurette
60%
Hubba Bubba
53%
Halloren Kugeln
16%
Rolo
13%

Verteilung der Resultate

Perzentil nach korrekt beantworteten Fragen

Anzahl Personen mit jedem Resultat

Ihre Resultats-Entwicklung

Sie haben dieses Quiz noch nicht gespielt